02742njm a2200637 i 450000100060000000300090000600500170001500700150003200800410004702000150008802000150010304000360011804100080015404600090016208000130017108000120018410000450019624500370024126000400027830001190031833600390043733600360047633700230051233700260053533700630056133800320062433800360065638000110069238800140070349000600071750000410077750000680081850000490088650505350093560000330147064800140150365000280151765500280154565500260157365500260159965500210162565500290164665500290167565500320170465500290173665500130176565500090177870000360178770000300182371000290185371000530188283000580193594200120199399900170200595200820202234965KOSZ 00520220822083126.0sd fsngnnmaned061010s2005 pl munn i 000 0 d a8360004161 a8360004064 cKOSZ 005aKOSZ 005dKOSZ 005/AR0 apol k2005 a785(436) a(086.7)1 aStrauss, Johannd(1825-1899)eKompozytor10aStrauss /cJohann Strauss (syn). aWarszawa :bMediasat Poland,c2005.1 a1 płyta CD (67 min 03 s) :bzapis cyfrowy, stereo ;c12 cm +e1 dodatek : 43 strony : ilustracje ; 13 cm x 14 cm. 2rdacontentaNagranie muzycznebprm 2rdacontent3DodatekaTekstbtxt 2rdamediaaAudiobs 2rdamediaaKomputerbc 2rdamedia3DodatekaBez urządzenia pośredniczącegobn 2rdacarrieraPłyta audiobd 2rdacarrier3DodatekaWoluminbc aMuzyka a1801-19001 aBiblioteka Gazety Wyborczej.. Wielcy Kompozytorzy ;v10 aTekst komentarza: Natalia Sukiennik. aWykonanie: Royal Philharmonic Orchestra ; Peter Guth, dyrygent. aNagranie: C.T.S. Sound Studio, Londyn, 1994. aWalc "Cesarski" op. 437 ; Walc "Nad pięknym modrym Dunajem" op. 314 ; Uwertura do operetki "Zemsta nietoperza" op. 362 ; Polka "Święto ognia!" op. 269 / Josef Strauss. Polka "Tritsch-Tratsch" op. 214. Polka "Pizzicato" / Johann Strauss (syn), Josef Strauss. Galop "Perpetuum mobile" op. 257. Polka "Z drogi!" op. 45 / Eduard Strauss. Marsz Radetzky'ego op. 228 / Johann Strauss (ojciec). Walc "Opowieści Lasku Wiedeńskiego" op. 325 ; Polka "Wśród grzmotów i błyskawic" op. 324 ; Walc "Róże Południa" op. 388. aStrauss, Johannd(1825-1899) a1801-1900 9aKompozytorzy austriaccy 7aDokumenty dźwiękowe 7aMuzyka instrumentalna 7aMuzyka na orkiestrę 7aMuzyka poważna 7aMarsz (utwór muzyczny) 7aGalop (utwór muzyczny) 7aOperetka (utwór muzyczny) 7aPolka (utwór muzyczny) 7aUwertura 7aWalc1 aGuth, PetereDyrygentd(1943- )1 aSukiennik, NataliaeTekst 2aMediasat PolandeWydawca 2aRoyal Philharmonic Orchestra (Londyn)eWykonanie 0aBiblioteka Gazety Wyborczej.pWielcy Kompozytorzyv10 cCD2UKD c34965d34965 00104071aBPKbBPKccg14.90oCD 1337p00336079t0/9(0.034.2) Dev14.90yCD